A short history of international affairs 1920-1934 / (Record no. 71077)

MARC details
000 -LEADER
campo de control de longitud fija 00520nam a2200169 i 4500
001 - NÚMERO DE CONTROL
campo de control 71077
003 - IDENTIFICADOR DE NÚMERO DE CONTROL
campo de control ES-MaACL
005 - FECHA Y HORA DE LA ÚLTIMA TRANSACCIÓN
campo de control 20230906171018.0
007 - CAMPO FIJO DE DESCRIPCIÓN FÍSICA--INFORMACIÓN GENERAL
campo de control de longitud fija t|
008 - DATOS DE LONGITUD FIJA--INFORMACIÓN GENERAL
campo de control de longitud fija 040805s1934 xxk ||||1| eng d
100 1# - ENTRADA PRINCIPAL--NOMBRE DE PERSONA
Nombre de persona Gathorne-Hardy, G. M.
9 (RLIN) 55960
245 12 - MENCIÓN DEL TÍTULO
Título A short history of international affairs 1920-1934 /
Mención de responsabilidad, etc. by G.M. Gathorne-Hardy ; preface by Eustace Percy.
260 ## - PUBLICACIÓN, DISTRIBUCIÓN, ETC.
Lugar de publicación, distribución, etc. Oxford :
Nombre del editor, distribuidor, etc. University Press,
Fecha de publicación, distribución, etc. 1934.
300 ## - DESCRIPCIÓN FÍSICA
Extensión X, 351 p. ;
Dimensiones 22 cm.
700 1# - ENTRADA AGREGADA--NOMBRE PERSONAL
Nombre de persona Percy, Eustace.
9 (RLIN) 90416
852 ## - LOCALIZACIÓN
Ubicación ES-MaACL
Número de control de estantería A-3322
Holdings
Estatus retirado Estado de pérdida Estado de daño No para préstamo Biblioteca de origen Biblioteca actual Ubicación en estantería Fecha de adquisición Fuente de adquisición Total de préstamos Signatura topográfica completa Código de barras Visto por última vez Precio de reemplazo Tipo de ítem Koha
        Biblioteca del Ateneo de Madrid Biblioteca del Ateneo de Madrid Sala Pecera Planta 1 17/01/2008     A-3322 1074425 23/02/2023 23/02/2023 Libro impreso